После тебя: роман; пер. с англ.

Մատենագիտական մանրամասներ
Հիմնական հեղինակ: Мойес Дж. Джоджо
Ամփոփում:Что ты будешь делать, потеряв любимого человека? Стоит ли жить после этого?Теперь Лу Кларк не просто обычная девчонка, живущая обыденной жизнью. Шесть месяцев, проведенных с Уиллом Трейнором, навсегда изменили ее. Непредвиденные обстоя­тельства заставляют Лу вернуться домой к своей семье, и она поневоле чувствует, что ей придется все начинать сначала. Раны телесные залечены, а вот душа страдает, ищет исцеле­ния! И это исцеление ей дают члены группы психологиче­ской поддержки, предлагая разделить с ними радости, печали и ужасно невкусное печенье. Благодаря им она знакомится с Сэмом Филдингом, врачом «скорой помощи», сильным человеком, который знает о жизни и смерти все. Сэм ока­зывается единственным, кто способен понять Лу Кларк. Но сможет ли Лу найти в себе силы вновь полюбить?.. Впервые на русском языке!
Լեզու:ռուսերեն
Հրապարակվել է: Москва, Иностранка, 2016
Խորագրեր:
Ձևաչափ: Գիրք
KOHA link:https://koha.lib.tpu.ru/cgi-bin/koha/opac-detail.pl?biblionumber=316223

MARC

LEADER 00000nam0a2200000 4500
001 316223
005 20231102002844.0
010 |a 9785389103061 
035 |a (RuTPU)RU\TPU\book\341661 
090 |a 316223 
100 |a 20160316d2016 m y0rusy50 ca 
101 1 |a rus  |c eng 
102 |a RU 
105 |a y z 000ay 
200 1 |a После тебя  |e роман  |e пер. с англ.  |f Дж. Мойес 
210 |a Москва  |c Иностранка  |d 2016 
215 |a 542 с. 
330 |a Что ты будешь делать, потеряв любимого человека? Стоит ли жить после этого?Теперь Лу Кларк не просто обычная девчонка, живущая обыденной жизнью. Шесть месяцев, проведенных с Уиллом Трейнором, навсегда изменили ее. Непредвиденные обстоя­тельства заставляют Лу вернуться домой к своей семье, и она поневоле чувствует, что ей придется все начинать сначала. Раны телесные залечены, а вот душа страдает, ищет исцеле­ния! И это исцеление ей дают члены группы психологиче­ской поддержки, предлагая разделить с ними радости, печали и ужасно невкусное печенье. Благодаря им она знакомится с Сэмом Филдингом, врачом «скорой помощи», сильным человеком, который знает о жизни и смерти все. Сэм ока­зывается единственным, кто способен понять Лу Кларк. Но сможет ли Лу найти в себе силы вновь полюбить?.. Впервые на русском языке! 
606 1 |a Английская литература  |2 stltpush  |3 (RuTPU)RU\TPU\subj\29042  |9 52454 
610 1 |a романы 
610 1 |a любовь 
675 |a 82  |v 4 
700 1 |a Мойес  |b Дж.  |g Джоджо 
801 1 |a RU  |b 63413507  |c 20160316 
801 2 |a RU  |b 63413507  |c 20160421  |g RCR 
942 |c BK 
959 |a 11/20160128  |d 1  |e 663,00  |f ХФ:1